Statistics for All Cuphead Bosses

Click here to take the quiz!

General Stats

  • This quiz has been taken 43 times
  • The average score is 21 of 46

Answer Stats

LevelBoss% Correct
One Hell Of A TimeThe Devil
89%
All Bets Are Off!King Dice
79%
Botanic Panic!The Root Pack
79%
High Seas Hi-Jinx!Cala Maria
71%
Pyramid PerilDjimmi the Great
71%
Threatenin' ZeppelinHilda Berg
71%
Sugarland ShimmyBaroness Von Bon Bon
68%
Carnival KerfuffleBeppi the Clown
68%
Floral FuryCagney Carnation
68%
Clip Joint CalamityRibby and Croaks
68%
Ruse of an OozeGoopy Le Grande
61%
Fiery FrolicGrim Matchstick
61%
Railroad WrathPhantom Express
57%
Aviary ActionWally Warbles
57%
Murine CorpsWerner Werman
57%
Junkyard Jive!Dr. Kahl's Robot
54%
Honeycomb HeraldRumor Honeybottoms
54%
Dramatic FanaticSally Stageplay
50%
Shootin N' LootinCaptain Brineybeard
46%
The King's LeapThe Queen
46%
A Dish To Die ForChef Saltbaker
43%
All Bets Are Off!Pip and Dot
43%
All Bets Are Off!Mangosteen
39%
The King's LeapThe Bishop
39%
The King's LeapThe Knight
39%
The King's LeapThe Pawns
39%
The King's LeapThe Rook
39%
All Bets Are Off!Mr. Wheezy
36%
All Bets Are Off!Pirouletta
36%
All Bets Are Off!Tipsy Troop
36%
All Bets Are Off!Chips Bettigan
32%
High-Noon HooplaEsther Winchester
32%
All Bets Are Off!Hopus Pocus
32%
Bootlegger BoogieMoonshine Mob
32%
All Bets Are Off!Mr. Chimes
32%
One Hell Of A DreamAngel and Demon
29%
Gnome Way OutGlumstone The Giant
29%
Snow Cult ScuffleMortimer Freeze
29%
All Bets Are Off!Phear Lap
29%
Doggone DogfightThe Howling Aces
29%
Inkwell Isle IForest Follies
21%
Inkwell Isle IIFunhouse Frazzle
21%
Inkwell Isle IIIPerilous Piers
21%
Inkwell Isle IIIRugged Ridge
21%
Inkwell Isle ITreetop Trouble
21%
Inkwell Isle IIFunfair Fever
18%

Score Distribution

Percentile by Number Answered

Percent of People with Each Score

Your Score History

You have not taken this quiz